| 000 | 00813cam a2200253 i 4500 | ||
|---|---|---|---|
| 001 | 13830 | ||
| 003 | BD-RjUL | ||
| 005 | 20211208235524.0 | ||
| 008 | 140202r19781976ne a b 001 0 eng | ||
| 020 | _a0444108017 (Elsevier) | ||
| 035 | _a(BD-RjUL)13882 | ||
| 040 |
_aDLC _cDLC _dDLC _dBD-RjUL _beng |
||
| 041 | _aeng | ||
| 082 | 0 | 0 |
_a621.55 _bROV |
| 100 | 1 |
_aRoth, A. _q(Alexander) _943247 |
|
| 245 | 1 | 0 |
_aVacuum technology / _cA. Roth. |
| 260 |
_aAmsterdam ; _aNew York : _bNorth-Holland Pub. Co. ; _aNew York : _bsole distributors for the U.S.A. and Canada, American Elsevier Pub. Co., _c1976. |
||
| 300 |
_axiv, 496 p. : _bill. ; _c23 cm. |
||
| 504 | _aIncludes Bibliography: p. 453-482 and index | ||
| 650 | 0 |
_aVacuum technology. _943248 |
|
| 942 |
_2ddc _cBK |
||
| 999 |
_c13830 _d13830 |
||